| 000 | 00411cam a2200181ua 4500 | ||
|---|---|---|---|
| 020 | _c2.00 | ||
| 041 |
_ahin _h |
||
| 082 |
_a891.54 _bFAN/BH |
||
| 100 | _aFanknar, William . | ||
| 245 |
_aBhalu / _cWilliam Fanknar. _hTextual Documents |
||
| 250 |
_a1 / _b. |
||
| 260 |
_a : _bRajpal and Sanch , _c1959. |
||
| 300 | _a157 ; . | ||
| 365 | _a2.00 | ||
| 504 | _a | ||
| 942 | _cBK | ||
| 999 |
_c6425 _d6425 |
||